<?xml version="1.0" encoding="UTF-8"?><?xml-stylesheet type="text/xsl" href="static/style.xsl"?><OAI-PMH xmlns="http://www.openarchives.org/OAI/2.0/" xmlns:xsi="http://www.w3.org/2001/XMLSchema-instance" xsi:schemaLocation="http://www.openarchives.org/OAI/2.0/ http://www.openarchives.org/OAI/2.0/OAI-PMH.xsd"><responseDate>2026-04-17T03:10:50Z</responseDate><request verb="GetRecord" identifier="oai:www.recercat.cat:2445/101806" metadataPrefix="marc">https://recercat.cat/oai/request</request><GetRecord><record><header><identifier>oai:recercat.cat:2445/101806</identifier><datestamp>2025-12-04T20:42:50Z</datestamp><setSpec>com_2072_1057</setSpec><setSpec>col_2072_478822</setSpec><setSpec>col_2072_478917</setSpec></header><metadata><record xmlns="http://www.loc.gov/MARC21/slim" xmlns:dcterms="http://purl.org/dc/terms/" xmlns:xsi="http://www.w3.org/2001/XMLSchema-instance" xmlns:doc="http://www.lyncode.com/xoai" xsi:schemaLocation="http://www.loc.gov/MARC21/slim http://www.loc.gov/standards/marcxml/schema/MARC21slim.xsd">
   <leader>00925njm 22002777a 4500</leader>
   <datafield ind2=" " ind1=" " tag="042">
      <subfield code="a">dc</subfield>
   </datafield>
   <datafield ind2=" " ind1=" " tag="720">
      <subfield code="a">Alemany i Arias, Anna</subfield>
      <subfield code="e">author</subfield>
   </datafield>
   <datafield ind2=" " ind1=" " tag="720">
      <subfield code="a">Ribezzi-Crivellari, M.</subfield>
      <subfield code="e">author</subfield>
   </datafield>
   <datafield ind2=" " ind1=" " tag="720">
      <subfield code="a">Ritort Farran, Fèlix</subfield>
      <subfield code="e">author</subfield>
   </datafield>
   <datafield ind2=" " ind1=" " tag="260">
      <subfield code="c">2016-09-15T13:31:25Z</subfield>
   </datafield>
   <datafield ind2=" " ind1=" " tag="260">
      <subfield code="c">2016-09-15T13:31:25Z</subfield>
   </datafield>
   <datafield ind2=" " ind1=" " tag="260">
      <subfield code="c">2015-07-09</subfield>
   </datafield>
   <datafield ind2=" " ind1=" " tag="260">
      <subfield code="c">2016-09-15T13:31:31Z</subfield>
   </datafield>
   <datafield ind2=" " ind1=" " tag="520">
      <subfield code="a">Fluctuation theorems (FTs), such as the Crooks or Jarzynski equalities (JEs), have become an important tool in single-molecule biophysics where they allow experimentalists to exploit thermal fluctuations and measure free-energy differences from non-equilibrium pulling experiments. The rich phenomenology of biomolecular systems has stimulated the development of extensions to the standard FTs, to encompass different experimental situations. Here we discuss an extension of the Crooks fluctuation relation that allows the thermodynamic characterization of kinetic molecular states. This extension can be connected to the generalized JE under feedback. Finally we address the recently introduced concept of thermodynamic inference or how FTs can be used to extract the total entropy production distribution in nonequilibrium systems from partial entropy production measurements. We discuss the significance of the concept of effective temperature in this context and show how thermodynamic inference provides a unifying comprehensive picture in several nonequilibrium problems.</subfield>
   </datafield>
   <datafield tag="653" ind2=" " ind1=" ">
      <subfield code="a">Biofísica</subfield>
   </datafield>
   <datafield tag="653" ind2=" " ind1=" ">
      <subfield code="a">Fluctuacions (Física)</subfield>
   </datafield>
   <datafield tag="653" ind2=" " ind1=" ">
      <subfield code="a">Termodinàmica</subfield>
   </datafield>
   <datafield tag="653" ind2=" " ind1=" ">
      <subfield code="a">Biophysics</subfield>
   </datafield>
   <datafield tag="653" ind2=" " ind1=" ">
      <subfield code="a">Fluctuations (Physics)</subfield>
   </datafield>
   <datafield tag="653" ind2=" " ind1=" ">
      <subfield code="a">Thermodynamics</subfield>
   </datafield>
   <datafield ind2="0" ind1="0" tag="245">
      <subfield code="a">From free energy measurements to thermodynamic inference in nonequilibrium small systems</subfield>
   </datafield>
</record></metadata></record></GetRecord></OAI-PMH>